000 00846nam a2200301Ia 4500
003 GCL
008 140319s9999 xx 000 0 ara d
040 _aGCL /
_cGCL
082 0 4 _a956.701
_bب ق
100 1 _aبلنت، أن
245 1 0 _aقبائل بدو الفرات عام 1878 /
_cبلنت، أن
700 1 _aاسعد الفارس
700 1 _aنضال خضر معوق
260 _a[S.N] :
_bدار الملاح ،
_c1991
300 _a472 ص
490 _a
650 0 4 _aالعراق
650 0 4 _aالمخابرات
650 0 4 _aالقبائل العربية
650 0 4 _aالرحالة
650 0 4 _aالبدو
650 0 4 _aالمجتمعات البدائية
650 0 4 _aالجواسيس
650 0 4 _aالجاسوسية
650 0 4 _aوصف ورحلات
650 0 4 _aالفرات
942 _2ddc
_cBK
999 _c37434
_d37434